A TEXTBOOK OF DRAVYAYANA VIJANA (Record no. 7769)

MARC details
000 -LEADER
fixed length control field 00316nam a2200121Ia 4500
082 ## - DEWEY DECIMAL CLASSIFICATION NUMBER
Classification number 615.538
Item number D 11 H
100 ## - MAIN ENTRY--PERSONAL NAME
Personal name HEGDE,PRAKASH L.
245 #2 - TITLE STATEMENT
Title A TEXTBOOK OF DRAVYAYANA VIJANA
260 ## - PUBLICATION, DISTRIBUTION, ETC. (IMPRINT)
Name of publisher, distributor, etc CHAUKHAMBHA PUB. NEW DELHI
Year of Publication 2011
300 ## - PAGE DESCRIPTION
No. of Pages 631
942 ## - ADDED ENTRY ELEMENTS (KOHA)
Source of classification or shelving scheme Dewey Decimal Classification
Koha item type Books
942 ## - ADDED ENTRY ELEMENTS (KOHA)
-- 20
Holdings
Withdrawn status Lost status Source of classification or shelving scheme Damaged status Not for loan Collection code Home library Current library Date acquired Vendor Name Cost, normal purchase price SGTU Bill Number Total Checkouts Full call number Accession No. (Barcode) Date last seen Bill Date Koha item type Total Renewals Date last borrowed
    Dewey Decimal Classification     AYURVEDA SGT FA-FP Library SGT FA-FP Library 14/09/2015 CHAUKHAMBHA PUB. NEW DELHI 525.00 SGTU CP/B453   615.538 D 11 H FA846 14/09/2015 27/09/2014 Books    
    Dewey Decimal Classification     AYURVEDA SGT FA-FP Library SGT FA-FP Library 14/09/2015 CHAUKHAMBHA PUB. NEW DELHI 525.00 SGTU CP/B453 35 615.538 D 11 H FA847 22/10/2024 27/09/2014 Books 1 03/10/2024
    Dewey Decimal Classification     AYURVEDA SGT FA-FP Library SGT FA-FP Library 14/09/2015 CHAUKHAMBHA PUB. NEW DELHI 525.00 SGTU CP/B453 22 615.538 D 11 H FA848 16/04/2024 27/09/2014 Books   16/04/2024
    Dewey Decimal Classification     AYURVEDA SGT FA-FP Library SGT FA-FP Library 14/09/2015 CHAUKHAMBHA PUB. NEW DELHI 525.00 SGTU CP/B453 1 615.538 D 11 H FA849 16/09/2017 27/09/2014 Books   09/09/2017
    Dewey Decimal Classification     AYURVEDA SGT FA-FP Library SGT FA-FP Library 14/09/2015 CHAUKHAMBHA PUB. NEW DELHI 525.00 SGTU CP/B453 56 615.538 D 11 H FA850 28/03/2026 27/09/2014 Books   11/03/2026